00904 2200325 4500001002100000005001500021035002000036007000300056040001700059100002900076245006400105250001000169300003300179504002300212020002200235041000800257082001100265084001700276090001900293264003700312336002100349337003000370338002300400500003500423650001100458850001000469008004100479700003600520990002200556INLIS00000000000887020260513024405 a0010-1022000245ta aSBPUPADbInd0 aEllen TjandraePengarang1 aMengenal Padang Lamun /cEllen Tjandra;Editor,Diah Rahmatia aCet.1 aiv,60 Hlm :billus. ;c25 cm aBibliografi,Hlm 59 a978-602-97501-4-007aind a551.45 a551.45 ELL m a550 NUH s 16-5 aJawa Barat :bPakar Media,c2011 2rdacontentateks 2rdamediaatanpa perantara 2rdacarrieravolume aIndeks,Hlm 56,glosarium,Hlm 58 4aLautan aPUPAD260513 0 0 aEditor,Diah RahmatiaePengarang a23.600/H/DPK/2017